[Event "Bayern-ch op Seniors 26th"]
[Site "Bergen"]
[Date "2014.06.28"]
[Round "9"]
[White "Willin, Bernhard"]
[Black "Oser, Thor"]
[Result "1/2-1/2"]
[WhiteElo "1807"]
[BlackElo "1622"]
[PlyCount "55"]
[EventDate "2014.06.21"]
[EventType "swiss"]
[EventRounds "7"]
[EventCountry "GER"]
[SourceTitle "EXT 2018"]
[Source "ChessBase"]
[SourceDate "2017.10.13"]
[SourceVersion "1"]
[SourceVersionDate "2017.10.13"]
[SourceQuality "1"]

1. e4 c5 2. d4 cxd4 3. c3 dxc3 4. Nxc3 a6 5. a4 Nc6 6. Bc4 e6 7. Nf3 Qc7 8. Qe2 Nge7 9. Be3 Ng6 10. 0-0 Be7 11. Rfd1 0-0 12. Bb3 b6 13. Rac1 Qb7 14. Nd2 Na5 15. Ba2 Rb8 16. Nc4 Nxc4 17. Bxc4 Rd8 18. Rc2 d6 19. f3 Ne5 20. Bb3 Nc6 21. Qf2 b5 22. Rcd2 b4 23. Nb1 Na5 24. Rd3 Nxb3 25. Rxb3 a5 26. Rbd3 Bd7 27. b3 Bc6 28. Nd2 1/2-1/2

[Event "Bayern-ch Seniors 25th"]
[Site "Bergen"]
[Date "2013.06.22"]
[Round "9.27"]
[White "Oser, Thor"]
[Black "Purwin, Heinz"]
[Result "1-0"]
[WhiteElo "1673"]
[BlackElo "1481"]
[PlyCount "53"]
[EventDate "2013.06.15"]
[EventType "swiss"]
[EventRounds "9"]
[EventCountry "GER"]
[SourceTitle "EXT 2022"]
[Source "ChessBase"]
[SourceDate "2021.10.06"]
[SourceVersion "1"]
[SourceVersionDate "2021.10.06"]
[SourceQuality "1"]

1. e4 e5 2. g3 Nf6 3. Bg2 d6 4. h3 Nc6 5. c4 Be6 6. d3 a6 7. Nc3 h6 8. Nge2 Nh7 9. Be3 f6 10. f4 Be7 11. Nd5 Bxd5 12. exd5 Nb8 13. Nc3 b6 14. Qh5+ Kf8 15. h4 Qe8 16. Qf3 Nd7 17. Bh3 Nc5 18. Bxc5 bxc5 19. Be6 Rb8 20. b3 Bd8 21. 0-0 a5 22. fxe5 dxe5 23. Rfe1 Ke7 24. Ne4 Rb6 25. Qe3 Kf8 26. Nxc5 Be7 27. Nd7+ 1-0

[Event "Bayern-ch Seniors 24nd"]
[Site "Bergen"]
[Date "2012.06.19"]
[Round "4"]
[White "Oser, Thor"]
[Black "Pamperin, Gerhard"]
[Result "0-1"]
[WhiteElo "1606"]
[BlackElo "1842"]
[PlyCount "50"]
[EventDate "2012.06.16"]
[EventType "swiss"]
[EventRounds "9"]
[EventCountry "GER"]
[SourceTitle "EXT 2015"]
[Source "ChessBase"]
[SourceDate "2014.11.20"]
[SourceVersion "1"]
[SourceVersionDate "2014.11.20"]
[SourceQuality "1"]

1. d4 d5 2. e3 Nf6 3. Bd3 e6 4. f4 c5 5. c3 cxd4 6. exd4 Bd6 7. Nf3 0-0 8. Ne5 Nc6 9. Qf3 Qb6 10. 0-0 Bxe5 11. fxe5 Nxe5 12. Qe2 Nxd3 13. Qxd3 Bd7 14. Re1 Ne4 15. Nd2 f5 16. Nf3 Rac8 17. Ne5 Bb5 18. Qf3 a5 19. h3 a4 20. a3 Be8 21. Nd3 Rf6 22. Nb4 Bb5 23. Bf4 g5 24. Be5 Rg6 25. g4 Rf8 0-1

[Event "Bayern-ch Seniors 24nd"]
[Site "Bergen"]
[Date "2012.06.17"]
[Round "2"]
[White "Oser, Thor"]
[Black "Jehn, Detlef"]
[Result "1/2-1/2"]
[WhiteElo "1606"]
[BlackElo "1503"]
[PlyCount "66"]
[EventDate "2012.06.16"]
[EventType "swiss"]
[EventRounds "9"]
[EventCountry "GER"]
[SourceTitle "EXT 2015"]
[Source "ChessBase"]
[SourceDate "2014.11.20"]
[SourceVersion "1"]
[SourceVersionDate "2014.11.20"]
[SourceQuality "1"]

1. d4 e6 2. f4 c5 3. e3 Nf6 4. Nf3 Nc6 5. c3 cxd4 6. exd4 a6 7. Bd3 g6 8. 0-0 Bg7 9. Nbd2 0-0 10. Ne4 Nxe4 11. Bxe4 d5 12. Bd3 b5 13. b4 Ra7 14. a4 bxa4 15. Rxa4 Qb6 16. Qe2 a5 17. b5 Ne7 18. Ba3 Qc7 19. Bc5 Ra8 20. b6 Qb7 21. Rfa1 Rd8 22. Rxa5 Rxa5 23. Rxa5 Nc6 24. Ra3 Qb8 25. Ne5 Bxe5 26. fxe5 Bb7 27. h4 Qc8 28. h5 Kg7 29. Qg4 Nxe5 30. Qg5 f6 31. h6+ Kf7 32. Qg3 Nxd3 33. Qxd3 Qc6 1/2-1/2

[Event "Bayern-ch Seniors 24nd"]
[Site "Bergen"]
[Date "2012.06.16"]
[Round "1"]
[White "Urytskyy, Arkadiy"]
[Black "Oser, Thor"]
[Result "1-0"]
[WhiteElo "2117"]
[BlackElo "1606"]
[PlyCount "107"]
[EventDate "2012.06.16"]
[EventType "swiss"]
[EventRounds "9"]
[EventCountry "GER"]
[SourceTitle "EXT 2015"]
[Source "ChessBase"]
[SourceDate "2014.11.20"]
[SourceVersion "1"]
[SourceVersionDate "2014.11.20"]
[SourceQuality "1"]

1. e4 c5 2. Nf3 Nc6 3. d4 cxd4 4. Nxd4 Nxd4 5. Qxd4 a6 6. g3 d6 7. Nc3 Nf6 8. Be3 Bd7 9. Bg2 Bc6 10. 0-0 Qc7 11. a4 e5 12. Qd1 a5 13. Qe2 Be7 14. Rfd1 0-0 15. f3 Rfd8 16. Qf2 Nd7 17. Bf1 Rf8 18. Bh3 Nc5 19. b3 Rab8 20. Nd5 Bxd5 21. Rxd5 Rfd8 22. Rad1 b6 23. Qe2 Qc6 24. Qc4 Kh8 25. Qc3 Kg8 26. Bf1 Qc7 27. Qd2 Rf8 28. Bh3 Rfd8 29. Qe2 Qc6 30. R1d2 Rf8 31. Qd1 Qc7 32. Qf1 Qc6 33. Qb5 Qxb5 34. axb5 Rfd8 35. Kf1 Ra8 36. Rd1 Rdb8 37. Ra1 Ne6 38. Ra4 Nc7 39. Rd3 Nxb5 40. Rc4 Ra7 41. Ke2 Kf8 42. Kd1 Rc7 43. Rxc7 Nxc7 44. Rc3 Na6 45. Bxb6 Bd8 46. Ba7 Ra8 47. Be3 Ke7 48. Rc8 Rxc8 49. Bxc8 Nc7 50. Ke2 Nb5 51. Kd3 Bc7 52. c3 Na7 53. Bh3 Kd8 54. Kc4 1-0

[Event "Bad Woerishofen Seniors op 28th"]
[Site "Bad Woerishofen"]
[Date "2012.03.10"]
[Round "9.41"]
[White "Fischer, Manfred3333"]
[Black "Oser, Thor"]
[Result "0-1"]
[WhiteElo "1607"]
[BlackElo "1645"]
[PlyCount "56"]
[EventDate "2012.03.02"]
[EventType "swiss"]
[EventRounds "9"]
[EventCountry "GER"]
[SourceTitle "EXT 2022"]
[Source "ChessBase"]
[SourceDate "2021.10.06"]
[SourceVersion "1"]
[SourceVersionDate "2021.10.06"]
[SourceQuality "1"]

1. Nc3 h6 2. f4 d5 3. Nf3 Nf6 4. e3 e6 5. Ne5 c6 6. Bd3 Bd6 7. 0-0 Nbd7 8. Ng4 Nxg4 9. Qxg4 0-0 10. e4 Nc5 11. Rf3 Nxd3 12. Rxd3 f5 13. exf5 Rxf5 14. Rg3 Qf6 15. d3 e5 16. Qe2 Bd7 17. Bd2 exf4 18. Rf3 Re8 19. Qf1 g5 20. Re1 Rf8 21. Kh1 g4 22. Rf2 f3 23. Nd1 Qh4 24. gxf3 Rxf3 25. Ree2 Bxh2 26. Qg2 Bg3+ 27. Kg1 Bxf2+ 28. Nxf2 Rg3 0-1

[Event "Bayern-ch Seniors 23rd"]
[Site "Bergen"]
[Date "2011.06.01"]
[Round "5"]
[White "Boldt, Heinrich"]
[Black "Oser, Thor"]
[Result "1-0"]
[WhiteElo "1724"]
[BlackElo "1652"]
[PlyCount "81"]
[EventDate "2011.05.28"]
[EventType "swiss"]
[EventRounds "9"]
[EventCountry "GER"]
[SourceTitle "EXT 2012"]
[Source "ChessBase"]
[SourceDate "2011.11.24"]
[SourceVersion "1"]
[SourceVersionDate "2011.11.24"]
[SourceQuality "1"]

1. d4 d5 2. Nf3 e6 3. e3 Nf6 4. Bd3 Bd6 5. b3 Nbd7 6. Bb2 0-0 7. Ne5 c6 8. Nd2 Re8 9. Qe2 Nf8 10. f4 N6d7 11. Ndf3 f6 12. Ng4 Qa5+ 13. c3 c5 14. 0-0 a6 15. Nd2 b5 16. e4 c4 17. Bc2 Bb7 18. e5 Be7 19. exf6 Nxf6 20. Ne5 b4 21. a3 bxc3 22. b4 Qb6 23. Bxc3 Bc6 24. g4 N6d7 25. Rf3 g6 26. Raf1 Bf6 27. Kh1 Bg7 28. h4 Nxe5 29. fxe5 Re7 30. Qh2 Raa7 31. h5 Rf7 32. Rxf7 Rxf7 33. Rxf7 Kxf7 34. h6 Bh8 35. Nf3 Qd8 36. Qf4+ Ke8 37. Ng5 Qe7 38. Kg2 Nd7 39. Kg3 Qf8 40. Nxe6 Qxf4+ 41. Kxf4 1-0

[Event "Bad Breisig Seniors op"]
[Site "Bad Breisig"]
[Date "2009.11.22"]
[Round "2"]
[White "Oser, Thor"]
[Black "Van Houten, Henk"]
[Result "1/2-1/2"]
[WhiteElo "1869"]
[BlackElo "1788"]
[PlyCount "86"]
[EventDate "2009.11.21"]
[EventType "swiss"]
[EventRounds "9"]
[EventCountry "GER"]
[SourceTitle "EXT 2019"]
[Source "ChessBase"]
[SourceDate "2018.10.10"]
[SourceVersion "1"]
[SourceVersionDate "2018.10.10"]
[SourceQuality "1"]

1. e4 e5 2. Nf3 d6 3. h3 Nf6 4. Nc3 c5 5. Bc4 Be7 6. d3 h6 7. a3 Nbd7 8. Ne2 Nf8 9. c3 Be6 10. Bxe6 Nxe6 11. Ng3 Qd7 12. Be3 Qb5 13. Qc2 0-0 14. 0-0 Rfc8 15. Nf5 Bf8 16. g3 Kh7 17. N5h4 g6 18. Ng2 Nd4 19. Nxd4 cxd4 20. Bd2 Rc7 21. c4 Qd7 22. Kh2 d5 23. b3 dxe4 24. dxe4 d3 25. Qd1 Nxe4 26. Ne3 Nxd2 27. Qxd2 e4 28. Nd5 Rc6 29. a4 Bg7 30. Rae1 Re8 31. f3 f5 32. fxe4 fxe4 33. Rf4 Qxd5 34. cxd5 Rc2 35. Qxc2 dxc2 36. Rc1 e3 37. Rc4 Bb2 38. R4xc2 Bxc1 39. Rxc1 e2 40. Re1 Re3 41. d6 Kg7 42. Kg2 Kf7 43. Kf2 Rd3 1/2-1/2

[Event "Bayern-ch Seniors 21st"]
[Site "Bergen"]
[Date "2009.06.23"]
[Round "4"]
[White "Oser, Thor"]
[Black "Schuster, Herbert"]
[Result "1-0"]
[WhiteElo "1636"]
[BlackElo "1698"]
[PlyCount "162"]
[EventDate "2009.06.20"]
[EventType "swiss"]
[EventRounds "9"]
[EventCountry "GER"]
[SourceTitle "EXT 2015"]
[Source "ChessBase"]
[SourceDate "2014.11.20"]
[SourceVersion "1"]
[SourceVersionDate "2014.11.20"]
[SourceQuality "1"]

1. e4 c5 2. Nf3 d6 3. h3 g6 4. Be2 Bg7 5. 0-0 Nc6 6. c3 Qb6 7. Qc2 e5 8. Na3 h6 9. Nc4 Qd8 10. Ne3 Nge7 11. a3 Be6 12. Bc4 Bxc4 13. Nxc4 b5 14. Ne3 a5 15. Qd3 c4 16. Qe2 a4 17. d3 d5 18. exd5 Nxd5 19. Nxd5 Qxd5 20. d4 0-0 21. dxe5 Bxe5 22. Bxh6 Rfe8 23. Be3 Bf4 24. Rad1 Qe4 25. Rfe1 Rad8 26. Rxd8 Nxd8 27. Nd4 Bxe3 28. Qxe3 Qxe3 29. Rxe3 Rf8 30. Re5 Nb7 31. Rxb5 Nd6 32. Rb4 Ra8 33. Nc2 Ne4 34. Rxc4 Nd2 35. Rb4 Kg7 36. f3 g5 37. Kf2 f5 38. Nd4 f4 39. g3 fxg3+ 40. Kxg3 Kf6 41. Kg4 Nf1 42. Rb6+ Ke5 43. Rb5+ Kd6 44. Kxg5 Rg8+ 45. Kf4 Rh8 46. Ke4 Rh4+ 47. Kd3 Rxh3 48. b3 axb3 49. Rxb3 Rh2 50. a4 Rd2+ 51. Kc4 Ne3+ 52. Kb5 Kd5 53. a5 Ra2 54. Nc6 Kd6 55. Kb6 Nd5+ 56. Kb7 Ra4 57. a6 Nc7 58. a7 Ne6 59. Rb4 Nc5+ 60. Kb6 Nd7+ 61. Kb5 Ra3 62. c4 Kc7 63. Na5 Nb6 64. Ka6 Na8 65. Rb7+ Kd6 66. Rf7 Ra1 67. Rf5 Nc7+ 68. Kb7 Rb1+ 69. Kc8 Na8 70. Rd5+ Ke6 71. Rb5 Rh1 72. Nc6 Kd6 73. Nd8 Ra1 74. Rd5+ Ke7 75. Kb7 Nc7 76. Nc6+ Ke6 77. Kxc7 Ra3 78. Nd4+ Ke7 79. Nb5 Ra4 80. Kb7 Rxa7+ 81. Kxa7 Ke6 1-0

[Event "Bayern-ch Seniors 21st"]
[Site "Bergen"]
[Date "2009.06.22"]
[Round "3"]
[White "Oser, Thor"]
[Black "Krafzik, Joachim"]
[Result "1/2-1/2"]
[WhiteElo "1636"]
[BlackElo "1831"]
[PlyCount "26"]
[EventDate "2009.06.20"]
[EventType "swiss"]
[EventRounds "9"]
[EventCountry "GER"]
[SourceTitle "EXT 2015"]
[Source "ChessBase"]
[SourceDate "2014.11.20"]
[SourceVersion "1"]
[SourceVersionDate "2014.11.20"]
[SourceQuality "1"]

1. e4 d6 2. d4 Nf6 3. f3 g6 4. Be3 Bg7 5. c3 c6 6. Bd3 Nbd7 7. Ne2 e5 8. 0-0 0-0 9. Ng3 d5 10. Nd2 b6 11. Qa4 b5 12. Qc2 Bb7 13. b4 a6 1/2-1/2